Оценка и регулирование формуемости реологически сложных тел для процесса жидкостного формования: диссертация на соискание ученой степени кандидата технических наук; спец. 05.17.08.

Bibliographic Details
Main Author: Антропова З. В. Зоя Васильевна
Corporate Author: Томский политехнический институт
Other Authors: Витюгин В. М. Виктор Моисеевич (научный руководитель)
Language:Russian
Published: Томск, [Б. и.], 1982
Subjects:
Format: MixedMaterials Book
KOHA link:https://koha.lib.tpu.ru/cgi-bin/koha/opac-detail.pl?biblionumber=66194

MARC

LEADER 00000nbm0a2200000 4500
001 66194
005 20231101212240.0
035 |a (RuTPU)RU\TPU\book\70308 
090 |a 66194 
100 |a 20040726d1982 k y0rusy50 ca 
101 0 |a rus 
102 |a RU 
105 |a a m 001zy 
200 1 |a Оценка и регулирование формуемости реологически сложных тел для процесса жидкостного формования  |e диссертация на соискание ученой степени кандидата технических наук  |e спец. 05.17.08.  |f З. В. Антропова  |g Томский политехнический институт; науч. рук.: В. М. Витюгин 
210 |a Томск  |c [Б. и.]  |d 1982 
215 |a 152 л.  |c ил. 
320 |a Библиогр.: с. 135-150 (155 назв.) 
606 1 |a Катализаторы  |x Испытание на прочность  |2 stltpush  |3 (RuTPU)RU\TPU\subj\31835  |9 54584 
610 1 |a диссертации 
610 1 |a химическая технология 
610 1 |a процессы 
610 1 |a аппараты 
610 1 |a жидкостное формование 
610 1 |a реология 
610 1 |a реологически сложные тела 
610 1 |a жидкости 
610 1 |a гидроксид алюминия 
610 1 |a течение 
610 1 |a труды учёных ТПУ 
675 |a 66.097.3(04)  |v 3 
686 |a 05.17.08.  |2 oksvnk 
700 1 |a Антропова  |b З. В.  |g Зоя Васильевна 
702 1 |a Витюгин  |b В. М.  |c российский химик-технолог  |c зав. кафедрой общей химической технологии Томского политехнического института  |f 1927-1989  |g Виктор Моисеевич  |2 stltpush  |3 (RuTPU)RU\TPU\pers\12387  |4 727 
712 0 2 |a Томский политехнический институт  |2 stltpush  |3 (RuTPU)RU\TPU\col\1123 
801 1 |a RU  |b 63413507  |c 20040726  |g PSBO 
801 2 |a RU  |b 63413507  |c 20161011  |g PSBO 
942 |c BK